Viliam Marčok

Bibliographic Details
Main Author: Mišák, Peter, 1950- (Author)
Format: Article
Language:Slovak
PhysicalDescription:Fotogr.
ISSN:0862-8823
Subjects:

MARC

LEADER 00000nab a2200000 ar4500
001 vtls008298322
003 SK-MaSNL
005 20260303075026.0
008 160314c2005 xo sr|p|||||||000 b|slo
015 |a SNBRB2005/09  |2 snkbucl 
038 |a SNKBUCL 
040 |a SNKBUCL  |b slo  |c SNKBUCL  |e AACR2 
041 0 |a slo 
044 |a xo  |c SK 
080 |a 82:929:821.162.4  |2 UDC-MRF-SK2 
080 |a 821.162.4:929  |2 UDC-MRF-SK2 
080 |a 929 Marčok, Viliam  |2 UDC-MRF-SK2 
100 1 |a Mišák, Peter,  |d 1950-  |4 aut  |9 106471 
245 1 0 |a Viliam Marčok  |c Peter Mišák 
300 |b Fotogr. 
600 1 7 |a Marčok, Viliam,  |d 1935-2013  |2 snkbucl  |9 99981 
773 0 |t Slovenské národné noviny  |g Roč. 16 (20), č. 13 (2005), s. 7  |x 0862-8823 
852 |a SNK  |b KIS3GCP 
958 |a BX 
958 |a LX 
999 |c 1774021  |d 1775951